000 00301nam a22001217a 4500
008 180924b xxu||||| |||| 00| 0 eng d
041 _aeng
080 _a341
100 _a16
101 _aHIS
245 _aThe American Socity Of Agronomy 100 Years Of History
_cMoser/L/M
942 _2udc
_cBK
999 _c48356
_d48356